| 000 | 00352nam a2200133Ia 4500 | ||
|---|---|---|---|
| 008 | 240624s9999 xx 000 0 und d | ||
| 041 | _aeng | ||
| 082 | _a658.3 TOP | ||
| 100 | _aTOPCHIK GARY S | ||
| 245 | _aMANAGING WORKPLACE NEGATIVITY | ||
| 260 |
_c2008 _aNew Delhi _bPrentice-Hall of India |
||
| 300 | _axi, : 193 : p. : cm. ; 23 | ||
| 365 |
_cRS _b35 |
||
| 999 |
_c15014 _d15014 |
||